000 00642 a2200193 4500
999 _c7912
_d7912
020 _a9781846612961 (hbk.)
050 0 0 _aK1338 GRE 2012
100 1 _aGreene, David,
_d1956-
245 1 0 _aShareholder claims /
_cedited by David Greene.
264 _aBristol:
_bJordan Publishing House,
_c2012
300 _a[xli], 349 p. ;
500 _aIncludes index
504 _aIncludes bibliographical references and index.
650 0 _aStockholders
_xLegal status, laws, etc.
650 0 _aCorporations
_xInvestor relations.
650 0 _aStocks
_xLegal status, laws, etc.
650 0 _aSecurities.
942 _2lcc
_cBK
_hK 1338
_iGRE
_kK